| 000 | 00000nam##2200000za#4500 |
| 001 | 9.601250 |
| 003 | CaOODSP |
| 005 | 20220623094111 |
| 007 | cr ||||||||||| |
| 008 | 150406|1995||||xxc|||||o f|0| 0 fre|d |
| 040 | |aCaOODSP|bfre |
| 043 | |an-cn--- |
| 086 | 1 |aC21-23/10F-PDF |
| 110 | 1 |aCanada. |bIndustrie Canada. |
| 245 | 10|aInnovation endogène et croissance : conséquences du point de vue canadien : |h[ressource électronique]|bdocument hors-série n° 10, août 1995 / |cpar Pierre Fortin et Elhanan Helpman. |
| 260 | |aOttawa - Ontario : |bIndustrie Canada |cAoût 1995. |
| 300 | |a55p.|bgraphiques, tableaux |
| 490 | 1 |aDocument hors série|vN° 10 |
| 504 | |aBibliographie. |
| 590 | |a11-09-Supp|b2011-06-30 |
| 720 | 1 |aFortin, Pierre |
| 720 | 1 |aHelpman, Elhanan |
| 775 | 08|tEndogenous innovation and growth - implications for Canada : |w(CaOODSP)9.570603 |
| 776 | 0#|tEndogenous innovation and growth : |w(CaOODSP)9.526446 |
| 776 | 0#|tInnovation endogène et croissance : |w(CaOODSP)9.526447 |
| 830 | #0|aDocument hors série (Canada. Industrie Canada)|vN° 10|w(CaOODSP)9.501162 |
| 856 | 40|ahttp://publications.gc.ca|qPDF|s207 Ko|uhttps://publications.gc.ca/collections/Collection/C21-23-10F.pdf|yN° 10 |